| 000 | 01030cam a22003135a 4500 | ||
|---|---|---|---|
| 999 |
_c4798 _d4798 |
||
| 003 | EG-ScBUE | ||
| 005 | 20200108104621.0 | ||
| 008 | 081127t2000 enka f 000 0 eng d | ||
| 020 | _a1859647014 | ||
| 020 | _a9781859647011 | ||
| 040 |
_aEG-ScBUE _beng _erda _cEG-ScBUE _dEG-ScBUE |
||
| 082 | 0 | 4 |
_a428.24 _bHAR _222 |
| 100 | 1 |
_aHarrison, Richard, _d1947- _eauthor. _919922 |
|
| 245 | 1 | 0 |
_aBetter writing / _cRichard Harrison. |
| 250 | _aFirst edition. | ||
| 264 | 1 |
_aReading, UK : _bGarnet Publishing, _c[2000] |
|
| 264 | 4 | _cc 2000 | |
| 300 |
_a100 pages : _billustrations ; _c25 cm |
||
| 336 |
_2rdacontent _atext _btxt |
||
| 337 |
_2rdamedia _aunmediated _bn |
||
| 338 |
_2rdacarrier _avolume _bnc |
||
| 590 | _aAbdullah samir | ||
| 650 | 7 |
_aEnglish language _vTextbooks for foreign speakers. _2BUEsh |
|
| 650 | 7 |
_aEnglish language _vComposition and exercises. _2BUEsh |
|
| 650 | 7 |
_aEnglish language _xGrammar _vProblems, exercises, etc. _2BUEsh |
|
| 653 |
_bHHUUEENN _cJanuary2019 |
||
| 655 | _vReading book | ||
| 942 |
_2ddc _cBB |
||